| 000 | 01299nam a2200349 a 4500 | ||
|---|---|---|---|
| 001 | 000112533 | ||
| 003 | CHAP | ||
| 005 | 20220329144311.0 | ||
| 008 | 160610s2016 mx a fsm |||||||spa d | ||
| 010 | _a108994 | ||
| 011 | _a109966 | ||
| 040 | _cCHAP | ||
| 090 | _aTesis | ||
| 100 | 1 |
_aFernández González, Iván _9130886 |
|
| 245 | 1 | 0 |
_aEvolución de la pobreza y desigualdad rural en el Estado de Oaxaca, 2010-2014/ _h[En línea] _cpor Ivan Fernández González. |
| 260 |
_aChapingo, Méx. : _bEl autor, _c2016. |
||
| 500 | _aPara ver el contenido del material haga clic en la liga | ||
| 502 | _aTesis (Ing. en Economía Agrícola) -- UACH. División de Ciencias Económico Administrativas | ||
| 590 |
_aE11695DGD _b10 _c20160616 _lUCH01 _h0958 |
||
| 590 |
_aE6096MTM _b05 _c20160610 _lUCH01 _h1615 |
||
| 590 |
_aE6096MTM _b05 _c20160610 _lUCH01 _h1616 |
||
| 590 |
_aE6096MTM _b05 _c20160613 _lUCH01 _h0912 |
||
| 650 | 1 | 4 |
_aDesarrollo economico _zOaxaca. _9126873 |
| 650 | 1 | 4 |
_aIngresos _zOaxaca. _958409 |
| 650 | 1 | 4 |
_aOaxaca _xCondiciones económicas. _982476 |
| 650 | 1 | 4 |
_aOaxaca _xCondiciones rurales. _982477 |
| 650 | 1 | 4 |
_aOaxaca _xCondiciones sociales. _982478 |
| 856 |
_aFinding aid _uhttp://10.13.5.2/tesis/sist112533.pdf _zTeclea aquí |
||
| 901 | _aBK | ||
| 942 | _cTESIS | ||
| 942 | _n0 | ||
| 999 |
_c108994 _d108994 |
||